ბათუმის შოთა რუსთაველის სახელმწიფო უნივერსიტეტის ბიბლიოთეკა

Авторское право : (ბიბ.ჩანაწერი № 36006)

000 -LEADER
fixed length control field 00707nam a2200229Ia 4500
001 - CONTROL NUMBER
control field 1905
003 - CONTROL NUMBER IDENTIFIER
control field GE_BSU
005 - DATE AND TIME OF LATEST TRANSACTION
control field 20221010114309.0
008 - FIXED-LENGTH DATA ELEMENTS--GENERAL INFORMATION
fixed length control field 181216s2005ru xx |||||||||||||| ||rus||
010 ## - LIBRARY OF CONGRESS CONTROL NUMBER
LC control number 5829702150
040 ## - CATALOGING SOURCE
Transcribing agency GE_BSU
041 ## - LANGUAGE CODE
Language code of text/sound track or separate title rus
080 ## - UNIVERSAL DECIMAL CLASSIFICATION NUMBER
Universal Decimal Classification number 347.78(075.8) М-17
100 ## - MAIN ENTRY--PERSONAL NAME
Personal name Максимова, Л.Г.
9 (RLIN) 15174
245 ## - TITLE STATEMENT
Title Авторское право :
Remainder of title Учебное пособие /
Statement of responsibility, etc. Л.Г. Максимова.
264 ## - PRODUCTION, PUBLICATION, DISTRIBUTION, MANUFACTURE, AND COPYRIGHT NOTICE
Place of production, publication, distribution, manufacture Москва :
Name of producer, publisher, distributor, manufacturer Гардарики,
Date of production, publication, distribution, manufacture, or copyright notice 2005.
300 ## - PHYSICAL DESCRIPTION
Extent 383 с..
Other physical details 21 см
653 ## - INDEX TERM--UNCONTROLLED
keyword Авторское право.
653 ## - INDEX TERM--UNCONTROLLED
keyword საავტორო უფლება
653 ## - INDEX TERM--UNCONTROLLED
keyword სამართალი
942 ## - ADDED ENTRY ELEMENTS (KOHA)
Koha item type წიგნი
Source of classification or shelving scheme
ეგზემპლარები
Withdrawn status Lost status Source of classification or shelving scheme Damaged status Not for loan Permanent Location Current Location Shelving location Date acquired Cost, normal purchase price Full call number Barcode Date last seen Copy number Price effective from Koha item type Public note
          ბათუმის შოთა რუსთაველის სახელმწიფო უნივერსიტეტის მთავარი ბიბლიოთეკა ბათუმის შოთა რუსთაველის სახელმწიფო უნივერსიტეტის მთავარი ბიბლიოთეკა წიგნსაცავი 2018-12-17 18.00 347.78(075.8) М-17 3907 2018-12-17 3907 2018-12-17 წიგნი 18.00